Loading...
Malayaliyude desakalangal /
| Format: | Printed Book |
|---|---|
| Language: | English |
| Published: |
Calicut:
Raspberry,
2018.
|
| LEADER | 00441nam a22001217a 4500 | ||
|---|---|---|---|
| 008 | 210116b ||||| |||| 00| 0 eng d | ||
| 082 | |a 3605.295483 GAN/M | ||
| 245 | |a Malayaliyude desakalangal / |c Ganesh K N | ||
| 260 | |a Calicut: |b Raspberry, |c 2018. | ||
| 300 | |a 282 p | ||
| 942 | |c BK | ||
| 999 | |c 354568 |d 354568 | ||
| 952 | |0 0 |1 0 |2 ddc |4 0 |6 3605_295483000000000_GAN_M |7 0 |9 411160 |a PSY |b PSY |c ST1 |d 2021-01-16 |l 0 |o 3605.295483 GAN/M |p PSY4366 |r 2021-01-16 |w 2021-01-16 |y BK | ||